Indian Culture and Science/ (Record no. 186241)

MARC details
000 -LEADER
fixed length control field 00713nam a22002297a 4500
005 - DATE AND TIME OF LATEST TRANSACTION
control field 20220218143216.0
010 ## - LCCN (DPL NO)
LC control number ENG-131677
020 ## - INTERNATIONAL STANDARD BOOK NUMBER
International Standard Book Number 9788195267897
Terms of availability 172.00
035 ## - SYSTEM CONTROL NUMBER
System control number EN-115209
037 ## - SOURCE OF ACQUISITION
Source of stock number/acquisition DBAD
082 ## - DEWEY DECIMAL CLASSIFICATION NUMBER
Classification number 306.0554
100 ## - MAIN ENTRY--PERSONAL NAME
Personal name Prasad, D. Hari
245 ## - TITLE STATEMENT
Title Indian Culture and Science/
Statement of responsibility, etc D. Hari Prasad et.al.
260 ## - PUBLICATION, DISTRIBUTION, ETC. (IMPRINT)
Place of publication, distribution, etc Hyderabad
Name of publisher, distributor, etc SunRaise International Publishers
Date of publication, distribution, etc 2021
270 ## - ADDRESS
Address # 326/C, Level-2, Surneni Nilayam Near B K Guda Park, S R Nagar
City Hyderabad
Postal code 500038
300 ## - PHYSICAL DESCRIPTION
Extent viii, 176p.
Dimensions 23cm(pbk)
700 ## - ADDED ENTRY--PERSONAL NAME
Personal name Jayasankar, K.
700 ## - ADDED ENTRY--PERSONAL NAME
Personal name Srinadh, P.
700 ## - ADDED ENTRY--PERSONAL NAME
Personal name Gowrisankar, B.
700 ## - ADDED ENTRY--PERSONAL NAME
Personal name Naidu, R. Rajgopal
942 ## - ADDED ENTRY ELEMENTS (KOHA)
Source of classification or shelving scheme Dewey Decimal Classification
Item type English Books
Classification part 306.0554
Call number suffix PRA
Holdings
Withdrawn status Lost status Not for loan Collection code Home library Current library Date acquired Source of acquisition Cost, normal purchase price Full call number Barcode Copy number Cost, replacement price Koha item type
      Non-fiction Patel Nagar Patel Nagar 18/02/2022 DBAD/PUB 172.00 306.0554 PRA EN-115209 1 172.00 English Books

© Delhi Public Library
Hit Counter
free hit counter